Fast Typing - 67 - Statistics

General Stats
  • This quiz has been taken 831 times
  • The average score is 86 of 200
Answer Stats
Answer % Correct
6
99%
6
99%
7
99%
6
97%
6
97%
7
97%
7
97%
7
96%
6
95%
6
94%
6
94%
7
94%
7
94%
7
94%
6
93%
6
92%
6
92%
7
92%
7
92%
6
90%
7
90%
6
88%
6
88%
7
88%
7
88%
7
88%
6
86%
7
85%
6
84%
6
83%
7
83%
6
82%
6
82%
7
82%
7
82%
7
82%
6
81%
7
81%
6
80%
6
80%
7
80%
6
79%
7
79%
7
78%
6
77%
7
77%
6
76%
7
75%
6
74%
6
73%
7
73%
7
71%
6
70%
7
70%
6
69%
7
69%
6
68%
6
68%
7
68%
7
66%
6
65%
7
65%
6
64%
7
64%
6
63%
6
63%
7
63%
7
63%
6
62%
6
62%
6
62%
7
62%
7
62%
7
61%
6
60%
6
60%
7
60%
6
58%
7
58%
6
56%
7
56%
7
56%
6
54%
6
54%
7
54%
7
53%
6
52%
6
51%
7
51%
7
50%
6
49%
6
49%
7
49%
7
46%
6
45%
7
45%
6
43%
7
43%
6
42%
7
41%
6
40%
6
39%
7
39%
6
37%
6
37%
7
37%
7
37%
6
36%
6
36%
7
36%
7
36%
7
34%
6
32%
6
31%
7
31%
7
31%
6
30%
7
29%
6
28%
6
28%
7
28%
6
27%
7
27%
6
26%
7
26%
7
26%
6
25%
7
24%
6
23%
6
23%
7
23%
7
21%
6
20%
7
19%
6
18%
7
18%
6
16%
6
15%
7
15%
6
14%
6
14%
7
14%
7
14%
7
14%
6
12%
6
12%
7
12%
6
10%
6
10%
7
10%
7
10%
7
9%
6
8%
6
6%
6
6%
6
6%
7
6%
7
6%
7
6%
6
5%
6
5%
6
5%
6
5%
7
5%
7
5%
7
5%
7
5%
7
5%
6
3%
6
3%
7
3%
7
2%
6
1%
6
1%
6
1%
6
1%
6
1%
6
1%
6
1%
6
1%
6
1%
6
1%
6
1%
6
1%
7
1%
7
1%
7
1%
7
1%
7
1%
7
1%
7
1%
7
1%
7
1%
7
1%
7
1%
6
0%
6
0%
7
0%
7
0%
7
0%
No matching quizzes found
Score Distribution
Percent of People with Each Score
Percentile by Number Answered
Your Score History
You have not taken this quiz